Official Scottish Cities - Statistics

General Stats
  • This quiz has been taken 419 times
  • The average score is 6 of 8
Answer Stats
Population Answer % Correct
612,040 Glasgow
100%
488,050 Edinburgh
99%
213,224 Aberdeen
92%
148,820 Dundee
84%
51,830 Inverness
83%
47,350 Perth
63%
37,700 Stirling
56%
50,380 Dunfermline
36%
No matching quizzes found
Score Distribution
Percent of People with Each Score
Percentile by Number Answered
Your Score History
You have not taken this quiz